000 00366nam a2200145Ia 4500
008 230917s9999||||xx |||||||||||||| ||und||
040 _e186324
_aMAIN
041 _aEnglish
082 _a005.133 O1P(3)
100 _aOualline, Steve
245 0 _aPractical C programming
260 _aNew Delhi
_bShroff Publishers
_c2010
300 _axxiii, 428 p.
942 _cBK
999 _c161989
_d161989